LEADER 00921nam0-2200313---450- 001 990009962480403321 005 20150506122957.0 010 $a978-88-13-30013-5 035 $a000996248 035 $aFED01000996248 035 $a(Aleph)000996248FED01 035 $a000996248 100 $a20150506d2014----km-y0itay50------ba 101 0 $aita 102 $aIT 105 $ay-------001yy 200 1 $aOfferta pubblica di acquisto$epoteri e responsabilitą degli amministratori$fCorrado D'Ambrosio 210 $a[Padova]$cCEDAM$d©2014 215 $aXI, 355 p.$d24 cm 225 1 $aImpresa, societą, fallimento. Nuova serie$v7 676 $a346.06626$v21$zita 700 1$aD'Ambrosio,$bCorrado$0525127 801 0$aIT$bUNINA$gRICA$2UNIMARC 901 $aBK 912 $a990009962480403321 952 $a13 CB 1012$bs.i.$fDDCP 959 $aDDCP 996 $aOfferta pubblica di acquisto$9823299 997 $aUNINA LEADER 02096nam 2200457 450 001 9910821687003321 005 20200124083509.0 010 $a2-8062-5455-8 035 $a(CKB)3790000000017525 035 $a(EBL)2051971 035 $a(OCoLC)910446490 035 $a(MiAaPQ)EBC2051971 035 $a(Au-PeEL)EBL2051971 035 $a(PPN)233388001 035 $a(EXLCZ)993790000000017525 100 $a20200124d2015 uy 0 101 0 $afre 135 $aur|n|---||||| 181 $ctxt$2rdacontent 182 $cc$2rdamedia 183 $acr$2rdacarrier 200 10$aAmerigo Vespucci, de l'Amazone a? Rio de Janeiro $el'homme qui a donne? son nom a? l'Ame?rique /$fpar Me?lanie Mettra 210 1$a[Place of publication not identified] :$c50Minutos.es,$d[2015] 210 4$d©2015 215 $a1 online resource (32 p.) 225 0 $aGrandes de?couvertes ;$vNume?ro 12 300 $aDescription based upon print version of record. 311 $a2-8062-5633-X 327 $aSources bibliographiquesSources comple?mentaires; Roman; Documentaires; Copyright 330 $a De?couvrez enfin tout ce qu'il faut savoir sur Amerigo Vespucci et la de?couverte de l'embouchure de l'Amazone et de la baie de Rio de Janeiro en moins d'une heure !Au cours de ses expe?ditions, Amerigo Vespucci, passionne? par les aventures de Christophe Colomb, de?couvre l'embouchure de l'Amazone et la baie de Rio de Janeiro. Le premier, il e?met l'hypothe?se que les terres de?couvertes ne sont pas une partie inconnue de l'Asie, mais bien un nouveau continent. C'est pourquoi, lorsqu'il re?alise de nouvelles cartes, Martin Waldseemu?ller choisit de donner le pre?nom du navigateur italien au continent, 410 0$aGrandes De?couvertes 607 $aAmerica$xDiscovery and exploration 676 $a970.01 700 $aMettra$b Me?lanie$01116635 801 0$bMiAaPQ 801 1$bMiAaPQ 801 2$bMiAaPQ 906 $aBOOK 912 $a9910821687003321 996 $aAmerigo Vespucci, de l'Amazone a? Rio de Janeiro$94047892 997 $aUNINA